000 00966nam a22003137a 4500
003 CHAP
005 20220817042456.0
008 971013s1972 r 00010 d
010 _a45799
011 _a46771
035 _a50912
040 _cCHAP
082 _a551.49
_bU55
110 _aUNESCO
245 _aCurricula and syllabi in hydrology
260 _aParis :
_bUNESCO,
_c1972
300 _a74 p.
490 _aTechnical papers in Hydrology
_v; 10
590 _aBATCH-UPD
_b10
_c20130109
_lUCH01
_h2340
590 _aBATCH-UPD
_b10
_c20130110
_lUCH01
_h1435
590 _aBATCH-UPD
_b10
_c20130410
_lUCH01
_h0910
590 _aBATCH-UPD
_b10
_c20130914
_lUCH01
_h1615
590 _aCONVERSION
_b10
_c20130109
_lUCH01
_h1325
650 1 4 _aHidrología
_xEstudio y enseñanza.
_955263
830 0 _aTechnical papers in Hydrology
_v; 10
_9111903
901 _aBK
942 _cLIBRO
949 _a551.49 U55
_bBC
_cLIBRO
_d33724000456687
_eLIBRO
_h60853
_i50912
_si
_t97.50
999 _c45799
_d45799